Responses for Show #7313 - Wednesday, June 1, 2016

Contestants

[<< previous game]

Liz Miles, a doctoral candidate in anthropology from New Haven, Connecticut

Kelly Bayles, a librarian from Tulsa, Oklahoma

Tim Mercure, a graduate student in mathematics from Washington, D.C. (whose 1-day cash winnings total $20,401)

[next game >>]

Jeopardy! Round responses

NAME'S THE SAME
"UCK"Y STUFF
IVY LEAGUE
THE MOVIE ACTOR'S ROLE
PRESIDENTS FROM OHIO
GEOGRAPHY IN RHYME
(Alex: You have to identify the country for us.)
    $200 25
Joyce

Kelly
    $200 19
potluck

Liz
    $200 24
Wrigley Field

Liz
    $200 5
Bruce Almighty

Tim
    $200 1
Sweden

Liz
    $400 20
Karl

Tim
    $400 18
bare-knuckled

Triple Stumper
    $400 2
Poison Ivy

Tim
    $400 11
George Clooney

Tim
    $500 26
(Alex: Answer there--the Daily Double. And it'll give you a chance to move up. We have less than a minute to go, though, Kelly.)

Taft

Kelly
    $400 3
(Tim: What is Syria--uh, Liberia?)

Algeria

Tim
Triple Stumper
    $600 12
Glenn

Liz
    $600 15
a tuck

Tim
    $600 21
the paparazzi

Liz
    $600 6
Easy Rider

Liz
    $600 23
Garfield

Kelly
    $600 4
Chad

Kelly
    $800 13
Julian

Liz
    $800 16
Canuck

Tim
    $800 17
the Democratic National Committee

Liz
    $800 7
Boogie Nights

Tim
    $800 27
Harding

Tim
    $800 9
Thailand

Triple Stumper
    $1000 14
Grace

Tim
    $1000 29
[The end-of-round signal sounds.]

swashbuckling

Liz
    $1000 22
creeper

Tim
    $1000 8
Trading Places

Tim
    $1000 28
(Tim: Who is Grant?)
(Kelly: Who is Cleveland?)

Hayes

TimKellyLiz
    $1000 10
Yemen

Kelly

Scores at the first commercial break (after clue 15):

Tim Kelly Liz
$4,000 $1,600 $2,200

Scores at the end of the Jeopardy! Round:

Tim Kelly Liz
$6,000 $1,900 $6,000

Double Jeopardy! Round responses

WORLD OF POETRY
LEFTOVERS
(Alex: A little bit of everything.)
THE 2015 IG NOBEL PRIZES
EPONYMS
TELE-NOVELAS
"CL"ASSICAL MUSIC
    $400 11
mistletoe

Kelly
    $400 16
Atlas

Triple Stumper
    $400 6
the Rapture

Kelly
    $400 1
the clarinet

Kelly
    $800 25
(Alex: Less than a minute now, Kelly.)

quatrains

Triple Stumper
    $800 12
brine

Kelly
    $800 22
(Kelly: What is wow?)

huh

TimKelly
    $800 17
Jacuzzi

Tim
    $800 7
James Patterson

Kelly
    $1,000 2
"Clair De Lune"

Kelly
    $1200 26
haiku

Tim
    $1200 13
(Albert) Camus

Kelly
    $1200 21
(Tim: What is food?)

the egg

Tim
Triple Stumper
    $5,000 18
(Tim: What is Touareg?)

Diesel

Tim
    $1200 8
Syfy

Kelly
    $1200 3
"The Clock" symphony

Triple Stumper
    $1600 27
(Alex: Yes. "Always chasing rainbows.")

Rimbaud

Liz
    $1600 14
[ERRATUM: The stamp in question was issued in 2010.]

OPEC

Tim
    $1600 23
(Tim: What is eye-rolling?)

kissing

Tim
Triple Stumper
    $1600 19
Tommy John

Tim
    $1600 9
The Flying Nun

Kelly
    $1600 4
Van Cliburn

Triple Stumper
    $2000 28
[The end-of-round signal sounds.]

Nigeria

Kelly
    $2000 15
Sunny von Bülow

Triple Stumper
    $2000 24
dinosaurs

Kelly
    $2000 20
Theremin

Triple Stumper
    $2000 10
(Alex: You did well in the category.)
[Applause for Kelly's run of the category]
(Alex: Look at that. You're in the lead now. Almost twice as much as your opponents. Pick again for us.)

Outlander

Kelly
    $2000 5
the clavier

Kelly

Scores at the end of the Double Jeopardy! Round:

Tim Kelly Liz
$4,200 $16,900 $7,600
(lock game)

[wagering suggestions for these scores]

Final Jeopardy! Round responses

COLLEGE TEAM SPORTS
(Alex: [To Tim] Let's take a look at your response to this team sport. You said, "What is javelin?" I see. I throw, you catch. No, that's wrong.)
TimWhat is javelin?
$2,601
LizWhat is fencing?
$3,000
KellyWhat is javelin?
$0
rowing

Final scores:

Tim Kelly Liz
$1,599 $16,900 $4,600
3rd place: $1,000 New champion: $16,900 2nd place: $2,000

Game dynamics:

Coryat scores:

Tim Kelly Liz
$9,200 $16,600 $7,600
16 R,
5 W
(including 1 DD)
18 R
(including 2 DDs),
2 W
11 R,
0 W

Combined Coryat: $33,400

[game clues] [game scores] [suggest correction]

Game tape date: Unknown
The J! Archive is created by fans, for fans. Scraping, republication, monetization, and malicious use prohibited; this site may use cookies and collect identifying information. See terms. The Jeopardy! game show and all elements thereof, including but not limited to copyright and trademark thereto, are the property of Jeopardy Productions, Inc. and are protected under law. This website is not affiliated with, sponsored by, or operated by Jeopardy Productions, Inc. Join the discussion at JBoard.tv.